000 00583nam a2200181Ia 4500
008 090123s9999 xx 000 0 und d
082 _b26091
_a891.463/गुप्ते
100 _aगुप्ते शशिकांत यशवंत
245 _aसावज
250 _a1
260 _bमायबोली प्रकाशन
300 _a103
600 _aगुप्ते शशिकांत यशवंत
630 _aसावज
700 _aगुप्ते शशिकांत यशवंत
730 _aसावज
942 _cBOOK
999 _c64162
_d64162